Normal view
MARC view
- Moosavi, Syeda Umm e Abeeha
Entry Personal Name
001 - CONTROL NUMBER
- control field: 130285
003 - CONTROL NUMBER IDENTIFIER
- control field: NUST
005 - DATE AND TIME OF LATEST TRANSACTION
- control field: 20250807164210.0
008 - FIXED-LENGTH DATA ELEMENTS
- fixed length control field: 250807|| aca||aabn | a|a d
040 ## - CATALOGING SOURCE
- Original cataloging agency: NUST
- Transcribing agency: NUST
100 ## - HEADING--PERSONAL NAME
- Personal name: Moosavi, Syeda Umm e Abeeha
670 ## - SOURCE DATA FOUND
- Source citation: Work cat.: (NUST): Moosavi, Syeda Umm e Abeeha, Psychosocial and Emotional Correlates of Personality Disorders/
